000 00423nmm a2200145Ia 4500
008 251105s9999||||xx |||||||||||||||||und||
041 _aspa
100 _aMarín Freire, Diego
245 0 _aAlianza Siniestra :
_b El Canto del Chingolo
264 _a[Madrid, España] :
_bLantia,
_c2016
300 _a0 páginas
650 _aHistorical fiction
856 _uhttps://public.digitaliapublishing.com/a/87478
942 _cCF
999 _c105844
_d105844